Workplace solutions (Record no. 60234)
[ view plain ]
| 000 -LEADER | |
|---|---|
| fixed length control field | 00779cam a2200229 4500 |
| 001 - CONTROL NUMBER | |
| control field | ABS61415 |
| 008 - FIXED-LENGTH DATA ELEMENTS--GENERAL INFORMATION | |
| fixed length control field | 000000n1999 000 0 eng u |
| 035 ## - SYSTEM CONTROL NUMBER | |
| System control number | (Sirsi) u100783 |
| 100 ## - MAIN ENTRY--PERSONAL NAME | |
| Personal name | Bell, S.M. |
| 245 ## - TITLE STATEMENT | |
| Title | Workplace solutions |
| 260 ## - PUBLICATION, DISTRIBUTION, ETC. | |
| Date of publication, distribution, etc. | 1999 |
| 490 ## - SERIES STATEMENT | |
| Series statement | Journal of Corporate Real Estate |
| Volume/sequential designation | 1(4) September 1999, 349-360(12) |
| 520 ## - SUMMARY, ETC. | |
| Summary, etc. | This paper looks at the development of work and how these changes have to be met by the workplace design process in order to provide physical solutions that meet the needs of an organisation. |
| 590 ## - LOCAL NOTE (RLIN) | |
| Local note | ABS |
| 650 ## - SUBJECT ADDED ENTRY--TOPICAL TERM | |
| Topical term or geographic name entry element | WORKPLACE DESIGN |
| 650 ## - SUBJECT ADDED ENTRY--TOPICAL TERM | |
| Topical term or geographic name entry element | WORK PROCESS |
| 650 ## - SUBJECT ADDED ENTRY--TOPICAL TERM | |
| Topical term or geographic name entry element | Infrastructure |
| 9 (RLIN) | 6246 |
| 650 ## - SUBJECT ADDED ENTRY--TOPICAL TERM | |
| Topical term or geographic name entry element | WORKPLACE |
| 690 ## - LOCAL SUBJECT ADDED ENTRY--TOPICAL TERM (OCLC, RLIN) | |
| Topical term or geographic name as entry element | OFFICE SERVICES AND ADMINISTRATION |
| 700 ## - ADDED ENTRY--PERSONAL NAME | |
| Personal name | Anderson, M. |
| 942 ## - ADDED ENTRY ELEMENTS (KOHA) | |
| Suppress in OPAC | 0 |
| Withdrawn status | Lost status | Source of classification or shelving scheme | Damaged status | Not for loan | Home library | Current library | Shelving location | Date acquired | Total Checkouts | Full call number | Barcode | Date last seen | Copy number | Price effective from | Koha item type |
|---|---|---|---|---|---|---|---|---|---|---|---|---|---|---|---|
| Dewey Decimal Classification | London | London | Journal article | 26/10/1999 | ABS61415 | 100783-1001 | 06/08/2019 | 1 | 06/08/2019 | Journal article |